| 000 | 00613nam a2200229Ia 4500 | ||
|---|---|---|---|
| 003 | OSt | ||
| 005 | 20220928124006.0 | ||
| 006 | a|||||r|||| 00| 0 | ||
| 007 | ta | ||
| 008 | 220927b |||||||| |||| 00| 0 eng d | ||
| 024 | _a55904 | ||
| 037 | _cTextual | ||
| 040 |
_aSDCL _cSDCL _beng |
||
| 041 |
_2eng _aeng |
||
| 082 | _aR625:g(P), N8 | ||
| 100 | _aSharma Punita | ||
| 245 | 0 | _aConcept of sentence analysis in Nyaya philosophy . | |
| 260 |
_aDelhi _bNag Publication _c1998 |
||
| 300 |
_axv,343p. _ccm. |
||
| 942 |
_hR625:g(P), N8 _cTEXL _2CC |
||
| 999 |
_c775997 _d775997 |
||